| Поле | Название | Значение |
| |
Тип записи |
a |
| |
Библиографический уровень |
m |
| 001 |
Контрольный номер |
RU\infra-m\znanium\bibl\2206012 |
| 005 |
Дата корректировки |
20260429142122.2 |
| 008 |
Кодируемые данные |
251211s2025 RU g rus u |
| 020 |
Индекс ISBN |
__ |
| a |
ISBN |
978-5-16-020226-6 |
| 020 |
Индекс ISBN |
__ |
| a |
ISBN |
978-5-16-112754-4 (электр. издание) |
| 040 |
Источник каталогиз. |
__ |
| a |
Служба первич. каталог. |
Общество с ограниченной ответственностью «ЗНАНИУМ» |
| 041 |
Код языка издания |
__ |
| a |
Код языка текста |
rus |
| 044 |
Код страны публикации |
__ |
| a |
Код страны публикации |
RU |
| 080 |
Индекс УДК |
__ |
| a |
Индекс УДК |
347.61/.64(075.8) |
| 084 |
Индекс другой классификации/Индекс ББК |
__ |
| 2 |
Источник индекса |
rubbk |
| a |
Индекс другой классификации/Индекс ББК |
67.404.5я73 |
| 084 |
Индекс другой классификации/Индекс ББК |
__ |
| 2 |
Источник индекса |
okso |
| a |
Индекс другой классификации/Индекс ББК |
40.05.02 |
| 084 |
Индекс другой классификации/Индекс ББК |
__ |
| 2 |
Источник индекса |
okso |
| a |
Индекс другой классификации/Индекс ББК |
40.05.04 |
| 084 |
Индекс другой классификации/Индекс ББК |
__ |
| 2 |
Источник индекса |
okso |
| a |
Индекс другой классификации/Индекс ББК |
44.03.05 |
| 084 |
Индекс другой классификации/Индекс ББК |
__ |
| 2 |
Источник индекса |
okso |
| a |
Индекс другой классификации/Индекс ББК |
44.05.01 |
| 100 |
Автор |
__ |
| a |
Автор |
Бердникова А.А. |
| q |
Полное имя |
Бердникова Анна Александровна |
| u |
Дополнение |
Финансовый университет при Правительстве Российской Федерации |
| 245 |
Заглавие |
__ |
| a |
Заглавие |
Семейно-правовая политика Российской Федерации: традиционные ценности и нравственные нормы |
| b |
Продолж. заглавия |
Учебное пособие |
| c |
Ответственность |
Финансовый университет при Правительстве Российской Федерации; Национальный исследовательский Томский государственный университет |
| 250 |
Сведения об издании |
__ |
| a |
Основные сведения об издании |
1 |
| 260 |
Выходные данные |
__ |
| a |
Место издания |
Москва |
| b |
Издательство |
ООО "Научно-издательский центр ИНФРА-М" |
| c |
Дата издания |
2026 |
| 300 |
Физическое описание |
__ |
| a |
Объем |
203 с. |
| 440 |
Серия |
__ |
| a |
Серия |
Высшее образование (Финансовый университет) |
| 520 |
Аннотация |
__ |
| a |
Аннотация |
В учебном пособии рассматриваются: теоретические аспекты традиционных ценностей семейно-правовой политики (в том числе такие основные категории как мораль и нравственность); исторические аспекты формирования ценностного подхода; конституционно-правовые и семейно-правовые вопросы защиты традиционных ценностей. Кроме того правовое регулирование отношений по защите традиционных семейных ценностей анализируется через призму межотраслевого подхода. Соответствует требованиям федеральных государственных образовательных стандартов высшего образования последнего поколения. Для студентов обучающихся по направлению «Юриспруденция». |
| 521 |
Примеч. о цел. назн. |
__ |
| a |
Примеч. о целев. назн. |
Профессиональное образование |
| 650 |
Тематические рубрики |
__ |
| a |
Основная рубрика |
Право. Юридические науки |
| x |
Основная подрубрика |
Семейное право |
| 655 |
Указ. предметных рубрик (устаревшее) |
__ |
| a |
Жанр/ форма (устаревшее) |
Учебное пособие |
| 700 |
Другие авторы |
__ |
| a |
Другие авторы |
Бочкова С.С. |
| q |
Полное имя |
Бочкова Светлана Сергеевна |
| u |
Дополнение |
Финансовый университет при Правительстве Российской Федерации |
| 700 |
Другие авторы |
__ |
| a |
Другие авторы |
Васильева О.Н. |
| q |
Полное имя |
Васильева Оксана Николаевна |
| u |
Дополнение |
Финансовый университет при Правительстве Российской Федерации |
| 700 |
Другие авторы |
__ |
| a |
Другие авторы |
Гацко М.Ф. |
| q |
Полное имя |
Гацко Михаил Федорович |
| u |
Дополнение |
Финансовый университет при Правительстве Российской Федерации |
| 700 |
Другие авторы |
__ |
| a |
Другие авторы |
Горохова С.С. |
| q |
Полное имя |
Горохова Светлана Сергеевна |
| u |
Дополнение |
Финансовый университет при Правительстве Российской Федерации |
| 700 |
Другие авторы |
__ |
| a |
Другие авторы |
Демченко М.В. |
| q |
Полное имя |
Демченко Максим Владимирович |
| u |
Дополнение |
Финансовый университет при Правительстве Российской Федерации |
| 700 |
Другие авторы |
__ |
| a |
Другие авторы |
Дугужева М.Х. |
| q |
Полное имя |
Дугужева Муминат Хатизовна |
| u |
Дополнение |
Финансовый университет при Правительстве Российской Федерации |
| 700 |
Другие авторы |
__ |
| a |
Другие авторы |
Кауракова М.В. |
| q |
Полное имя |
Кауракова Мария Викторовна |
| u |
Дополнение |
Финансовый университет при Правительстве Российской Федерации |
| 700 |
Другие авторы |
__ |
| a |
Другие авторы |
Курилюк Ю.Е. |
| q |
Полное имя |
Курилюк Юлия Евгеньевна |
| u |
Дополнение |
Финансовый университет при Правительстве Российской Федерации |
| 700 |
Другие авторы |
__ |
| a |
Другие авторы |
Матвеева Н. А. |
| q |
Полное имя |
Матвеева Наталья Алексеевна |
| u |
Дополнение |
Финансовый университет при Правительстве Российской Федерации |
| 700 |
Другие авторы |
__ |
| a |
Другие авторы |
Матвеев И.В. |
| q |
Полное имя |
Матвеев Игорь Валентинович |
| u |
Дополнение |
Финансовый университет при Правительстве Российской Федерации |
| 700 |
Другие авторы |
__ |
| a |
Другие авторы |
Рабец А.М. |
| q |
Полное имя |
Рабец Анна Максимовна |
| u |
Дополнение |
Национальный исследовательский Томский государственный университет |
| 700 |
Другие авторы |
__ |
| a |
Другие авторы |
Ромашкова И.И. |
| q |
Полное имя |
Ромашкова Ирина Ивановна |
| u |
Дополнение |
Финансовый университет при Правительстве Российской Федерации |
| 700 |
Другие авторы |
__ |
| a |
Другие авторы |
Рузакова О.А. |
| q |
Полное имя |
Рузакова Ольга Александровна |
| u |
Дополнение |
Финансовый университет при Правительстве Российской Федерации |
| 700 |
Другие авторы |
__ |
| a |
Другие авторы |
Ручкина Г.Ф. |
| q |
Полное имя |
Ручкина Гульнара Флюровна |
| u |
Дополнение |
Финансовый университет при Правительстве Российской Федерации |
| 700 |
Другие авторы |
__ |
| a |
Другие авторы |
Симаева Е.П. |
| q |
Полное имя |
Симаева Евгения Петровна |
| u |
Дополнение |
Финансовый университет при Правительстве Российской Федерации |
| 700 |
Другие авторы |
__ |
| a |
Другие авторы |
Юлова Е.С. |
| q |
Полное имя |
Юлова Екатерина Сергеевна |
| u |
Дополнение |
Финансовый университет при Правительстве Российской Федерации |
| 856 |
Электронный адрес документа |
4_ |
| a |
Имя сервера/домена |
znanium.ru |
| m |
Помощь |
ebs_support@infra-m.ru |
| n |
Местонахождение сервера |
НИЦ ИНФРА-М |
| u |
URL |
https://znanium.ru/catalog/document?id=465912 |
| 856 |
Электронный адрес документа |
48 |
| a |
Имя сервера/домена |
znanium.ru |
| d |
Путь |
/cover/2206 |
| f |
Электронное имя |
2206012.jpg |
| q |
Тип электронного формата |
image/jpeg |
| u |
URL |
https://znanium.ru/cover/2206/2206012.jpg |
| 911 |
|
__ |
| u |
|
0030=https://znanium.ru/catalog/document?id=465912 |
| 911 |
|
__ |
| u |
|
712a=Национальный исследовательский Томский государственный университет |